|
|
|
|
| LEADER |
01298nam a2200397 4500 |
| 001 |
DLU080062787 |
| 005 |
##20080626 |
| 008 |
##031114s2005 maua b 001 0 eng |
| 010 |
# |
# |
|a 2003068612
|
| 020 |
# |
# |
|a 0071111522 (international : alk. paper)
|
| 020 |
# |
# |
|a 0072880023 (alk. paper)
|
| 040 |
# |
# |
|a DLC
|c DLC
|d DLC
|
| 042 |
# |
# |
|a pcc
|
| 050 |
# |
# |
|a HF5721
|b .L37 2005
|
| 082 |
# |
# |
|a 651.7
|b LE-R
|
| 100 |
# |
# |
|a Lesikar, Raymond Vincent.
|
| 245 |
# |
# |
|a Basic business communication :
|b skills for empowering the internet generation /
|c Raymond V. Lesikar, Marie E. Flatley.
|
| 250 |
# |
# |
|a 10th ed.
|
| 260 |
# |
# |
|a Boston :
|b McGraw-Hill/Irwin,
|c c2005.
|
| 300 |
# |
# |
|a xxx, 606 p. :
|b ill. (chiefly col.) ;
|c 28 cm.
|
| 504 |
# |
# |
|a Includes bibliographical references (p. 586-597) and index.
|
| 650 |
# |
# |
|a Business communication.
|
| 650 |
# |
# |
|a Commercial correspondence.
|
| 650 |
# |
# |
|a English language
|x Business English.
|
| 700 |
# |
# |
|a Flatley, Marie Elizabeth.
|
| 856 |
# |
# |
|3 Table of contents only
|u http://www.loc.gov/catdir/enhancements/fy0702/2003068612-t.html
|
| 923 |
# |
# |
|a 10/2008
|
| 992 |
# |
# |
|a 32000
|
| 994 |
# |
# |
|a DLU
|
| 900 |
# |
# |
|a True
|
| 911 |
# |
# |
|a Đào Thị Thu Huyền
|
| 925 |
# |
# |
|a G
|
| 926 |
# |
# |
|a A
|
| 927 |
# |
# |
|a SH
|
| 980 |
# |
# |
|a Thư viện Trường Đại học Đà Lạt
|